|
|
|
|
| LEADER |
00000nam0a2200000 4500 |
| 001 |
304202 |
| 005 |
20231102001658.0 |
| 010 |
|
|
|b 2000 экз.
|
| 035 |
|
|
|a (RuTPU)RU\TPU\book\329437
|
| 090 |
|
|
|a 304202
|
| 100 |
|
|
|a 20150911d1949 m y0rusy50 ca
|
| 101 |
0 |
|
|a rus
|
| 102 |
|
|
|a RU
|
| 105 |
|
|
|a y z 000zy
|
| 200 |
1 |
|
|a Ускорение оборачиваемости средств - важнейшая хозяйственная задача
|f Л. В. Смирнов, Г. К. Кривошея
|g Новосибирский совет научных инженерно-технических обществ, Комитет экономики ; под ред. В. В. Зорин
|
| 210 |
|
|
|a Новосибирск
|c Новосибирское областное государственное издательство
|d 1949
|
| 215 |
|
|
|a 46 с.
|
| 316 |
|
|
|5 63413507: М-133753
|a На обложке владельческая подпись: "Бутаков", в тексте имеются карандашные пометы
|
| 317 |
|
|
|5 63413507: М-133753
|a Поступила в НТБ в 1970 г. в составе книжного собрания профессора ТПИ И. Н. Бутакова
|
| 606 |
1 |
|
|a Оборотные средства
|2 stltpush
|3 (RuTPU)RU\TPU\subj\36538
|9 57881
|
| 610 |
1 |
|
|a Россия
|
| 610 |
1 |
|
|a 20 век
|
| 610 |
1 |
|
|a Новосибирск
|
| 610 |
1 |
|
|a владельческая надпись
|
| 610 |
1 |
|
|a библиотека И. Н. Бутакова
|
| 686 |
|
|
|a У9(2)0-57
|2 rubbk
|
| 700 |
|
1 |
|a Смирнов
|b Л. В.
|
| 701 |
|
1 |
|a Кривошея
|b Г. К.
|
| 702 |
|
1 |
|a Зорин
|b В. В.
|4 340
|
| 712 |
0 |
2 |
|a Новосибирский совет научных инженерно-технических обществ
|b Комитет экономики
|2 stltpush
|3 (RuTPU)RU\TPU\col\21092
|9 27890
|
| 801 |
|
1 |
|a RU
|b 63413507
|c 20150911
|
| 801 |
|
2 |
|a RU
|b 63413507
|c 20190924
|g RCR
|
| 942 |
|
|
|c BK
|